00585nmm a2200169Ia 4500008004100000020001800041041000800059100003100067245010800098264005400206300001800260490004500278650001700323856005100340942000700391999001700398251105s9999||||xx |||||||||||||||||und|| a9788478136230 aspa aGómez Gil, Alfredo (ed.) 0aAntología poética de las dinastías Tang y Song :b Los dos periodos de oro de la literatura china a[Madrid, España] :bMiraguano Ediciones, c2009 a487 páginas aLibros de los Malos Tiempos. Serie Mayor aOther poetry uhttps://public.digitaliapublishing.com/a/13288 cCF c85497d85497